000 00698nam a2200241Ia 4500
003 OSt
005 20220928112101.0
006 a|||||r|||| 00| 0
007 ta
008 220927b |||||||| |||| 00| 0 eng d
024 _a35763
037 _cTextual
040 _aSDCL
_cSDCL
_beng
041 _2eng
_aeng
082 _aQ31:2144, N8
100 _aSingh Ashok Kumar Ed.
_9406255
245 0 _aDashaashrutskandhniryukti
_bEk adhyayan.
260 _aVaranasi
_bPaarshavnath Vidyapeeth
_c1998
300 _aix,214p.
_ccm.
490 _aPaarshavnath vidyapeeth granthmala. 101
942 _hQ31:2144, N8
_cTEXL
_2CC
999 _c743208
_d743208